000 00257nam a2200109Ia 4500
008 231212s1981 xx 000 0 und d
041 _aeng
082 _a621
100 _aMyskls A.D.
245 _aIntroductory Mathematics
260 _aMascow
_bMir Pub
_c1981
999 _c958495
_d958495